Comentarios reales: selección
Guardat en:
| Autor principal: | |
|---|---|
| Format: | Llibre |
| Idioma: | espanyol |
| Publicat: |
Madrid
Cátedra
2018
|
| Edició: | 9a. ed |
| Col·lecció: | Letras Hispánicas, 410
|
| Matèries: | |
| Etiquetes: |
Afegir etiqueta
Sense etiquetes, Sigues el primer a etiquetar aquest registre!
|
MARC
| LEADER | 00000cam a2200000 a 4500 | ||
|---|---|---|---|
| 001 | UCC8496 | ||
| 003 | CL-VaPUC | ||
| 008 | 190705e20180000sp |||||||||||||||||spa|d | ||
| 020 | |a 9788437614168 | ||
| 082 | 0 | 4 | |a 785 |b VEG |2 21 |
| 100 | |a VEGA, GARCILASO DE LA |e author |9 508868 | ||
| 245 | 1 | 0 | |a Comentarios reales: selección |
| 250 | |a 9a. ed | ||
| 300 | |a 315 p | ||
| 942 | |c BK | ||
| 945 | |d 20190705 13:21:00 |a dcastane | ||
| 260 | |a Madrid |b Cátedra |c 2018 | ||
| 650 | 7 | |a INCAS |2 CL-VaPUC |9 256565 | |
| 650 | 7 | |a INDIOS DEL PERU |2 CL-VaPUC |9 268436 | |
| 650 | 7 | |a CIVILIZACIONES ANDINAS |2 CL-VaPUC |9 492877 | |
| 651 | 0 | |a Perú |9 256567 | |
| 583 | |a last modification |c 20190705 13:21:00 |k Rodrigo Vera | ||
| 490 | 0 | |a Letras Hispánicas, 410 | |
| 999 | |c 374810 |d 374808 | ||
| 952 | |0 0 |1 0 |3 erb |4 0 |6 785_000000000000000_VEG_2018 |7 0 |8 R |9 493529 |a BIBEDU |b BIBEDU |c MCIRC |i 5593298 |o 785 VEG 2018 |p 5593298 |r 2023-01-13 |w 2019-11-24 |y BK_R |z Catalogado en:20190705 |k LIT | ||